| 000 | 00320nam a22001097a 4500 | ||
|---|---|---|---|
| 082 | _a950 | ||
| 100 |
_aRaghavan, Srinath _979796 |
||
| 245 | _aThe Most Dangerous place : A History of the United States in South Asia | ||
| 260 |
_aGurgon _bPebguin Random House India _c2018 |
||
| 650 |
_aasian History _979797 |
||
| 942 | _cBK | ||
| 999 |
_c63384 _d63384 |
||